| 000 | 00681nam a2200193Ia 4500 | ||
|---|---|---|---|
| 003 | IN-BaIIA | ||
| 008 | 211028s9999 xx 000 0 eng d | ||
| 020 | _a0-07-030320-7 | ||
| 040 | _cIIA Library | ||
| 080 |
_a(035)54 _bHOP |
||
| 100 |
_aHopp, vollrath _914069 |
||
| 245 | 0 |
_aHandbook of Applied Chemistry : Facts for Engineers Scientists Technician and Technical Managers _cvollrath Hopp |
|
| 260 |
_aWashington _bHemisphere Publishing _c1983 |
||
| 300 | _a[various pagings.] | ||
| 650 |
_aApplied Chemistry _914070 |
||
| 650 | _aAstronomy and Astrophysics Thesaurus | ||
| 650 |
_aHandbooks-Applied Chemistry _914071 |
||
| 942 | _cBK | ||
| 999 |
_c8393 _d8393 |
||